000 00777nam a2200241Ia 4500
003 OSt
005 20220923212842.0
006 a|||||r|||| 00| 0
007 ta
008 220922b |||||||| |||| 00| 0 hin d
024 _a156,323
037 _cTextual
040 _aARTS
_cARTS
_bhin
041 _2hin
_ahin
082 _aO152:gN, M3
100 _aनीरव, हर्ष नारायण
_9158683
245 0 _aसाहित्य
_b आधुनिकता और आयाम
246 _aSāhitya: ādhunikatā aur āyāma
260 _aमथुरा
_b अमर प्रकाशन
_c1983
300 _a179 पृ.
_ccm.
942 _hO152:gN, M3
_cTEXL
_2CC
999 _c311641
_d311641